Library Banner

Teaching health and physical education in Australian schools / (Record no. 112647)

MARC details
000 -LEADER
fixed length control field 00448nam a22001457a 4500
005 - DATE AND TIME OF LATEST TRANSACTION
control field 20190524104219.0
008 - FIXED-LENGTH DATA ELEMENTS--GENERAL INFORMATION
fixed length control field 190524b ||||| |||| 00| 0 eng d
020 ## - INTERNATIONAL STANDARD BOOK NUMBER
International Standard Book Number 0733974007
040 ## - CATALOGING SOURCE
Transcribing agency PK-LaUMT
082 ## - DEWEY DECIMAL CLASSIFICATION NUMBER
Classification number 613.7071094
Item number TEA-
245 ## - TITLE STATEMENT
Title Teaching health and physical education in Australian schools /
Statement of responsibility, etc edited by Richard Tinning, Louise McCuaig and Lisahunter
260 ## - PUBLICATION, DISTRIBUTION, ETC. (IMPRINT)
Place of publication, distribution, etc Australia :
Name of publisher, distributor, etc Pearson,
Date of publication, distribution, etc 2006
300 ## - PHYSICAL DESCRIPTION
Extent 287 p.
942 ## - ADDED ENTRY ELEMENTS (KOHA)
Koha item type Books
Holdings
Withdrawn status Lost status Damaged status Home library Current library Date acquired Full call number Barcode Date last seen Price effective from Koha item type Copy number
      UMT Main Campus UMT Main Campus 2019-05-24 613.7071094 TEA- 129934 2019-12-03 2019-05-24 Books  
      UMT Main Campus UMT Main Campus 2020-09-11 613.7071094 TEA- 134885 2020-09-11 2020-09-11 Books C.2